1106 1964 1969 1016 1332 1746 1797 1962 1950 1772 1681 1320 1742 1302 1380 1878 1845 1858 1215 1021 1932 1859 1603 1614 1012 1831 1865 1998 1391 1494 1918 1257 1213 1576 1990 1975 1365 1650 1654 1520 1649 1359 1502 1119 1656 1664 1985 1336 1036 1625 1510 1947 1434 1843 1860 1754 1714 1022 1469 1109 1756 1698 1695 1938 1946 1757 1163 1330 1299 1684 1535 1668 1550 1466 1833 1143 1349 1328 1875 1775 1829 1276 1233 1588 1779 1691 1709 1564 1048 1277 1604 1469 1263 1997 1062 1959 1302 1883 1841 BCNSPRNW ULIB Ver.6.0+V

เปลี่ยนเป็นภาษาไทย

Change to English
 แสดงรายละเอียดบรรณานุกรม
  กลับหน้าหลัก

Brief Record : Get Marc (ISO 2709) : E-mail record : QR code < ปิดหน้าต่าง
LEADER : 00000nam 2200000uu 4500
001    13399127948
003     ULIB
008    211116s2021||||th 000 0 tha d
020    ^a9780323653756
060 04 ^aWW140^bF845D
100 1  ^aFraunfelder, Frederick T.,^d1934-
245 10 ^aDrug-induced ocular side effects /^cFrederick "Fritz" T.Fraunfelder, Frederick "Rick" W. Fraunfelder, Wiley A.Chambers ; associate editor, Bree Jensvold-Vetsch
250    ^a8th ed.
260    ^aLondon :^bElsevier Saunders,^c2021
300    ^axi, 581 p. :^bill. (some col.) ;^c26 cm.
500    ^aPreceded by Clinical ocular toxicology / Frederick T.Fraunfelder, Frederick W. Fraunfelder, Wiley A. Chambers.2008
504    ^aIncludes bibliographical references and indexes
650  2 ^aEye Diseases^xchemically induced
650  2 ^aEye^xdrug effects
650  2 ^aDrug-Related Side Effects and Adverse Reactions
650  2 ^aToxicology^xmethods
700 1  ^aFraunfelder, F. W. ^q(Frederick W.)
700 1  ^aChambers, Wiley A.
700 1  ^aJensvold-Vetsch, Bree,^eed
945    ^p2524^l0^i008536
999    ^aประนอม เกษจรัล
รายการนี้ยังไม่มีแท็ก
คุณยังไม่ได้ล็อกอิน คุณสามารถมีกิจกรรมร่วมกับเว็บไซต์ได้ แต่ต้องล็อกอินก่อน ::
  ล็อกอิน

รายการสื่อสารสนเทศ

ลำดับที่ ประเภท เลขเรียก/บาร์โค้ด สถานที่ สถานะ
1. วิทยาศาสตร์การแพทย์ และสุขภาพ
หนังสือสำรอง
สถานะ=หนังสือสำรอง
WW140 F845D ฉ.1 
  Barcode: 008536
ห้องสมุดวิทยาเขตสวรรค์ประชารักษ์
►หนังสือทั่วไป
บนชั้น

BibComment


ยังไม่เคยถูกคอมเมนท์

คอมเมนท์ทรัพยากรรายการนี้
  คอมเมนท์: Druginduced ocul..


 Copyright 2026. Bcnsprnw @Library